[Event "AUT-chT2W 0304"]
[Site "Austria"]
[Date "2004.03.13"]
[Round "10"]
[White "Gruber, Michael"]
[Black "Kornthaler, Reinhard"]
[Result "1/2-1/2"]
[WhiteElo "2123"]
[BlackElo "2087"]
[PlyCount "60"]
[EventDate "2003.10.18"]
[EventType "team-tourn"]
[EventRounds "11"]
[EventCountry "AUT"]
[SourceTitle "EXT 2005"]
[Source "ChessBase"]
[SourceDate "2004.11.15"]
[SourceVersion "1"]
[SourceVersionDate "2004.11.15"]
[SourceQuality "1"]
[WhiteTeam "Absam"]
[BlackTeam "Schwaz"]
[WhiteTeamCountry "AUT"]
[BlackTeamCountry "AUT"]

1. e4 c5 2. Nf3 d6 3. d4 cxd4 4. Nxd4 Nf6 5. Nc3 a6 6. Be2 e5 7. Nb3 Be6 8. Be3 Nbd7 9. a4 Be7 10. 0-0 0-0 11. a5 Qc7 12. f3 Qc6 13. Qd2 d5 14. exd5 Nxd5 15. Nxd5 Bxd5 16. Rfd1 Be6 17. f4 Rfd8 18. fxe5 Nxe5 19. Nd4 Qe4 20. Bd3 Nxd3 21. Qxd3 Qg4 22. h3 Qg3 23. Bf2 Qxd3 24. Rxd3 Bc4 25. Rc3 Rac8 26. b3 Bd5 27. Rxc8 Rxc8 28. c4 Bc6 29. Nxc6 Rxc6 30. Rd1 Rd6 1/2-1/2

[Event "AUT-chT2W 0001"]
[Site "Austria"]
[Date "2001.01.14"]
[Round "8"]
[White "Jedinger, Andreas"]
[Black "Kornthaler, Reinhard"]
[Result "1/2-1/2"]
[WhiteElo "2110"]
[BlackElo "2085"]
[PlyCount "82"]
[EventDate "2000.??.??"]
[EventType "team"]
[EventRounds "9"]
[EventCountry "AUT"]
[SourceTitle "EXT 2002"]
[Source "ChessBase"]
[SourceDate "2001.11.25"]
[SourceVersion "1"]
[SourceVersionDate "2001.11.25"]
[SourceQuality "1"]

1. e4 c5 2. Nf3 d6 3. d4 cxd4 4. Nxd4 Nf6 5. Nc3 a6 6. g3 g6 7. Bg2 Bg7 8. 0-0 0-0 9. a4 Qc7 10. Nd5 Nxd5 11. exd5 Nd7 12. Re1 Nf6 13. Ra3 Re8 14. Rae3 Kf8 15. h3 Bd7 16. b3 Qc5 17. Ne2 b5 18. axb5 axb5 19. Bb2 Ra2 20. Qb1 Rxb2 21. Qxb2 Nxd5 22. Qc1 Nxe3 23. fxe3 Rc8 24. Nd4 Bxd4 25. exd4 Qxd4+ 26. Kh2 Be6 27. Re4 Qf2 28. c4 Bd5 29. Qa1 e5 30. cxd5 Rc2 31. Qg1 Qd2 32. Re1 Qxd5 33. Rc1 Rd2 34. Rc8+ Kg7 35. Rc1 Qxb3 36. Rb1 Qc2 37. Rf1 e4 38. h4 e3 39. Kh3 d5 40. Qxe3 Rxg2 41. Qe5+ Kh6 1/2-1/2

[Event "AUT-chT2W 0001"]
[Site "Austria"]
[Date "2001.01.13"]
[Round "7"]
[White "Kornthaler, Reinhard"]
[Black "Hagen, Kurt"]
[Result "1/2-1/2"]
[WhiteElo "2085"]
[BlackElo "2067"]
[PlyCount "81"]
[EventDate "2000.??.??"]
[EventType "team"]
[EventRounds "9"]
[EventCountry "AUT"]
[SourceTitle "EXT 2002"]
[Source "ChessBase"]
[SourceDate "2001.11.25"]
[SourceVersion "1"]
[SourceVersionDate "2001.11.25"]
[SourceQuality "1"]

1. e4 e6 2. d4 d5 3. Nd2 Nf6 4. Ngf3 Be7 5. g3 b6 6. Bg2 Bb7 7. 0-0 0-0 8. e5 Nfd7 9. Re1 c5 10. Nf1 Nc6 11. h4 Qc7 12. Bf4 b5 13. h5 a5 14. h6 g6 15. Ne3 a4 16. a3 Qb6 17. Ng4 Nxd4 18. Nxd4 cxd4 19. Bd2 Rfc8 20. Bb4 Bxb4 21. axb4 Qd8 22. Qd2 Qe7 23. Rec1 a3 24. Rxa3 Rxa3 25. bxa3 Rc3 26. Ra1 Kf8 27. Ra2 Qd8 28. Qf4 Qc7 29. Nf6 Nxf6 30. Qxf6 Ke8 31. Qh8+ Ke7 32. Qxh7 Qxe5 33. Qg8 Rc8 34. h7 Qh8 35. Qxh8 Rxh8 36. a4 bxa4 37. Rxa4 Kd6 38. b5 Kc5 39. Ra7 Kb6 40. Ra4 Kc5 41. Ra7 1/2-1/2

[Event "AUT-chT2W 0001"]
[Site "Austria"]
[Date "2000.11.25"]
[Round "4.6"]
[White "Kornthaler, Reinhard"]
[Black "Juen, Leopold"]
[Result "1/2-1/2"]
[WhiteElo "2085"]
[BlackElo "1925"]
[PlyCount "49"]
[EventDate "2000.??.??"]
[EventType "team"]
[EventRounds "9"]
[EventCountry "AUT"]
[SourceTitle "EXT 2002"]
[Source "ChessBase"]
[SourceDate "2001.11.25"]
[SourceVersion "1"]
[SourceVersionDate "2001.11.25"]
[SourceQuality "1"]

1. e4 e5 2. Nf3 Nc6 3. Bb5 a6 4. Ba4 Nf6 5. 0-0 Be7 6. Re1 d6 7. h3 0-0 8. c3 b5 9. Bc2 Re8 10. a4 b4 11. d4 bxc3 12. bxc3 Bf8 13. d5 Na5 14. Na3 Nd7 15. Be3 Nb6 16. Rb1 g6 17. Rb4 Be7 18. c4 Nd7 19. Qb1 f6 20. Rd1 Rf8 21. Ne1 Nc5 22. Bxc5 dxc5 23. Rb2 Ra7 24. Nd3 Bd6 25. Rb8 1/2-1/2

[Event "AUT-chT2W 9900"]
[Site "Austria"]
[Date "2000.01.22"]
[Round "7"]
[White "Kornthaler, Reinhard"]
[Black "Pourvoyeur, Klaus"]
[Result "0-1"]
[WhiteElo "1878"]
[BlackElo "2035"]
[PlyCount "122"]
[EventDate "1999.10.15"]
[EventType "team"]
[EventRounds "11"]
[EventCountry "AUT"]
[SourceTitle "EXT 2000"]
[Source "ChessBase"]
[SourceDate "1999.11.16"]
[SourceVersion "1"]
[SourceVersionDate "1999.11.16"]
[SourceQuality "1"]

1. e4 c6 2. Nc3 d5 3. Nf3 dxe4 4. Nxe4 Bf5 5. Ng3 Bg6 6. h4 h6 7. Ne5 Bh7 8. Qh5 g6 9. Bc4 e6 10. Qe2 Qe7 11. d4 Nf6 12. Bd2 Nbd7 13. 0-0-0 Bg7 14. Kb1 Nxe5 15. dxe5 Nd7 16. f4 Nb6 17. Ne4 0-0 18. Bd3 Rad8 19. h5 g5 20. fxg5 Bxe5 21. Nf6+ Bxf6 22. gxf6 Qxf6 23. Rh3 Bxd3 24. cxd3 Rd5 25. Rg3+ Kh7 26. Bc3 e5 27. Rf1 Qe6 28. Rg6 fxg6 29. Rxf8 gxh5 30. Qe4+ Kg7 31. Rf3 Nd7 32. Rg3+ Kh8 33. Rg6 Qf7 34. Rxh6+ Kg8 35. Rg6+ Kf8 36. Rg5 Qf1+ 37. Kc2 Qf2+ 38. Bd2 Ke8 39. Rg8+ Ke7 40. b4 Kd6 41. Qg6+ Kc7 42. Qg5 Qf6 43. Qxh5 Qf1 44. Qg6 Qa1 45. Rg7 Qxa2+ 46. Kd1 Qb1+ 47. Ke2 Qb2 48. Qe4 Qc2 49. g4 Kb6 50. Qc4 Qb2 51. Qc3 Qa2 52. g5 Nf8 53. Kf3 Ne6 54. Be3+ Ka6 55. Rg6 Nd4+ 56. Bxd4 Rxd4 57. Rxc6+ b6 58. Rc4 e4+ 59. Ke3 Rxd3+ 60. Qxd3 exd3 61. Kxd3 Qg2 0-1

[Event "Oberwart op"]
[Site "Oberwart"]
[Date "1997.07.06"]
[Round "2"]
[White "Kornthaler, Reinhard"]
[Black "Kovacs, Gabor H"]
[Result "1/2-1/2"]
[WhiteElo "2025"]
[BlackElo "2325"]
[PlyCount "102"]
[EventDate "1997.07.05"]
[EventType "swiss"]
[EventRounds "9"]
[EventCountry "AUT"]
[SourceTitle "EXT 1999"]
[Source "ChessBase"]
[SourceDate "1998.11.16"]
[SourceVersion "1"]
[SourceVersionDate "1998.11.16"]
[SourceQuality "1"]

1. e4 Nf6 2. e5 Nd5 3. d4 d6 4. Nf3 dxe5 5. Nxe5 g6 6. Bc4 c6 7. 0-0 Bg7 8. Bb3 0-0 9. c4 Nb6 10. Bf4 Be6 11. c5 Nd5 12. Bg3 Nd7 13. Nc3 N7f6 14. h3 Qc8 15. Qf3 Rd8 16. Rfd1 Nb4 17. Ba4 Nd7 18. a3 Nd5 19. b4 Nxe5 20. dxe5 a5 21. Nxd5 Bxd5 22. Qc3 axb4 23. axb4 Qe6 24. Bc2 h5 25. Rxa8 Rxa8 26. Ra1 Qc8 27. Bh4 Kf8 28. Bg5 Ke8 29. Bd3 Qb8 30. Bf4 Qd8 31. Qc1 Rxa1 32. Qxa1 Bb3 33. Be4 Qd1+ 34. Qxd1 Bxd1 35. Kf1 Kd7 36. Bg3 Bh6 37. Ke1 Bb3 38. f4 Ke6 39. Ke2 Bd5 40. Kd3 h4 41. Bh2 f5 42. exf6 exf6 43. Kd4 Bxe4 44. Kxe4 f5+ 45. Kd4 Bg7+ 46. Kc4 Bb2 47. Bg1 Bc1 48. Bf2 Bxf4 49. Bxh4 Ke5 50. Kd3 Kd5 51. Be1 Be5 1/2-1/2

[Event "Wattens op 11th"]
[Site "Wattens"]
[Date "1996.??.??"]
[Round "5"]
[White "Kornthaler, Reinhard"]
[Black "Reitberger, Peter"]
[Result "0-1"]
[WhiteElo "1830"]
[BlackElo "2080"]
[PlyCount "68"]
[EventDate "1996.??.??"]
[EventType "swiss"]
[EventRounds "9"]
[EventCountry "AUT"]
[SourceTitle "EXT 2000"]
[Source "ChessBase"]
[SourceDate "1999.11.16"]
[SourceVersion "1"]
[SourceVersionDate "1999.11.16"]
[SourceQuality "1"]

1. e4 e5 2. Nf3 Nf6 3. Bc4 d5 4. exd5 Bd6 5. d3 h6 6. 0-0 Bg4 7. Nc3 0-0 8. h3 Bh5 9. Ne4 Nbd7 10. Ng3 Bg6 11. Nh4 Nb6 12. Nxg6 fxg6 13. Bb3 Nbd7 14. c4 Kh7 15. Bc2 c6 16. dxc6 bxc6 17. Be3 Qe7 18. Ne4 Rad8 19. Nxd6 Qxd6 20. d4 Qe6 21. Qb1 e4 22. f3 Nh5 23. Bxe4 Ng3 24. Re1 Qf6 25. Qc2 Rfe8 26. Rac1 Nf8 27. Bf2 Nh5 28. d5 cxd5 29. cxd5 Nf4 30. Bxa7 Qa6 31. Bd4 Rc8 32. Bc3 Qxa2 33. Qd2 Qa7+ 34. Qd4 Qxd4+ 0-1